| Поле | Название | Значение |
| |
Тип записи |
i |
| |
Библиографический уровень |
c |
| 001 |
Контрольный номер |
RU\NLR\BIBL_A\011922985 |
| 005 |
Дата корректировки |
20211217162021.9 |
| 010 |
Индекс ISBN |
__ |
| a |
ISBN |
978-5-9677-2791-7 |
| b |
Уточнения |
в кор. |
| d |
Цена |
227-00 |
| 100 |
Данные общей обработки |
__ |
| a |
Данные общей обработки |
20190129d2018#### amy0rusa0289 ca |
| 101 |
Язык документа |
0_ |
| a |
Язык текста |
rus |
| 102 |
Страна публикации |
__ |
| a |
Страна публикации |
RU |
| 106 |
Кодированные данные (форма документа) |
__ |
| a |
Кодированные данные для формы документа (Обозначение носителя) |
s |
| 125 |
Кодированные данные звукозаписи и нотных изданий |
__ |
| b |
Определитель литературного текста |
с |
| 126 |
Кодированные данные (звукозаписи-физические характеристики) |
__ |
| a |
Кодированные данные звукозаписи (общие) |
аgbхhхх сd |
| 127 |
Кодированные данные (звукозаписи-физические характеристики) |
__ |
| a |
Продолжительность проигрывания |
0612## |
| 135 |
Кодированные данные (электронные ресурсы) |
__ |
| a |
Кодированные данные (электронные ресурсы) |
aongannnannun |
| 139 |
Кодированные данные (электронные ресурсы) |
__ |
| a |
Кодированные данные (электронные ресурсы) |
caz|||| |
| 181 |
Поле кодированных данных: вид содержания |
_0 |
| a |
Код вида содержания (ISBD) |
h |
| 182 |
Поле кодированных данных: тип средства |
_0 |
| a |
Код типа средства (ISBD) |
a |
| 200 |
Заглавие и сведения об ответственности |
1_ |
| a |
Заглавие |
Рассказы и повести русских писателей |
| e |
Сведения, относящиеся к заглавию |
инсценировки одноименных произведений : с музыкальным сопровождением : [аудиокнига] |
| f |
Первые сведения об ответственности |
исполняют: В. Гафт [и др.] |
| 203 |
Вид содержания и тип средства |
__ |
| a |
Вид содержания |
Устная речь |
| c |
Тип средства |
аудио |
| 210 |
Выходные данные |
1_ |
| a |
Место издания |
Москва |
| c |
Издательство |
1С-Паблишинг |
| d |
Дата издания |
2018 |
| 215 |
Физическое описание |
__ |
| a |
Объем |
1 электрон. опт. диск (CD-ROM) (6 ч. 12 мин.) |
| c |
Иллюстрации/тип воспроизводства |
зв. |
| d |
Формат |
12 см |
| 225 |
Серия |
1_ |
| a |
Серия |
1С: Аудиотеатр |
| 300 |
Общие примечания |
__ |
| a |
Общие примечания |
Заглавие с этикетки диска |
| 300 |
Общие примечания |
__ |
| a |
Общие примечания |
Данные в формате MP3 |
| 300 |
Общие примечания |
__ |
| a |
Общие примечания |
Заглавие на корешке: Знаменитые произведения русских писателей |
| 327 |
Примечание о содержании |
1_ |
| a |
Примечание о содержании |
Содержание: Выстрел; Гробовщик / А.С. Пушкин. Записки сумасшедшего / Н.В. Гоголь. Палата № 6 / А.П. Чехов. Бобок; Сон смешного человека / Ф.М. Достоевский |
| 330 |
Аннотация |
__ |
| a |
Аннотация |
В аудиокниге собраны великолепные инсценировки знаменитых произведений русских писателей-классиков: Александра Сергеевича Пушкина, Николая Васильевича Гоголя, Федора Михайловича Достоевского, Антона Павловича Чехова. Каждый из них самобытен, но всех их сближает масштаб творческого наследия, роль в формировании современного русского языка и сознания. Вы сможете полностью погрузиться в атмосферу бессмертных произведений, которые давно признаны в числе лучших образцов отечественной прозы. В спектаклях принимают участие народный артист РСФСР Валентин Гафт, народный артист РФ Александр Вилькин и другие артисты московских театров. |
| 337 |
Примечание о системных требованиях (электронные ресурсы) |
__ |
| a |
Примечание о системных требованиях (электронные ресурсы) |
Системные требования: MS Windows 95/98/2000/ XP/Vista/7/8/10 ; Pentium 100 ; ОЗУ 16 Мб ; монитор SVGA, 800x600 ; устройство чтения CD/DVD-ROM ; звуковая карта ; колонки или наушники ; мышь |
| 464 |
Аналитический уровень |
_0 |
| 1 |
|
2001 |
| a |
|
Выстрел |
| a |
|
Гробовщик |
| 1 |
|
700 1 |
| a |
|
Пушкин |
| b |
|
А. С. |
| f |
|
1799-1837 |
| g |
|
Александр Сергеевич |
| 3 |
|
RU\NLR\AUTH\77386 |
| 4 |
|
070 |
| 464 |
Аналитический уровень |
_0 |
| 1 |
|
2001 |
| a |
|
Записки сумасшедшего |
| 1 |
|
700 1 |
| a |
|
Гоголь |
| b |
|
Н. В. |
| f |
|
1809-1852 |
| g |
|
Николай Васильевич |
| 3 |
|
RU\NLR\AUTH\773480 |
| 4 |
|
070 |
| 464 |
Аналитический уровень |
_0 |
| 1 |
|
2001 |
| a |
|
Палата № 6 |
| 1 |
|
700 1 |
| a |
|
Чехов |
| b |
|
А. П. |
| c |
|
писатель |
| f |
|
1860-1904 |
| g |
|
Антон Павлович |
| 3 |
|
RU\NLR\AUTH\77359 |
| 4 |
|
070 |
| 464 |
Аналитический уровень |
_0 |
| 1 |
|
2001 |
| a |
|
Бобок |
| a |
|
Сон смешного человека |
| 1 |
|
700 1 |
| a |
|
Достоевский |
| b |
|
Ф. М. |
| f |
|
1821-1881 |
| g |
|
Федор Михайлович |
| 3 |
|
RU\NLR\AUTH\77838 |
| 4 |
|
070 |
| 517 |
Другие варианты заглавия |
1_ |
| a |
Другие варианты заглавия |
Знаменитые произведения русских писателей |
| 606 |
Тематические рубрики |
__ |
| a |
Основная рубрика |
Художественная литература |
| 606 |
Тематические рубрики |
__ |
| a |
Основная рубрика |
Русская литература XIX в. (произведения) |
| 610 |
Ключевые слова |
0_ |
| a |
Ключевые слова |
повести |
| 610 |
Ключевые слова |
0_ |
| a |
Ключевые слова |
классика |
| 610 |
Ключевые слова |
0_ |
| a |
Ключевые слова |
классическая литература |
| 610 |
Ключевые слова |
0_ |
| a |
Ключевые слова |
русская классика |
| 610 |
Ключевые слова |
0_ |
| a |
Ключевые слова |
тема маленького человека |
| 610 |
Ключевые слова |
0_ |
| a |
Ключевые слова |
тема дворянства |
| 610 |
Ключевые слова |
0_ |
| a |
Ключевые слова |
загробная жизнь |
| 686 |
Индексы других классификаций |
__ |
| a |
Классификационный индекс |
84(2=411.2)52-4я04; ст84(2=411.2)1-4я04 |
| 2 |
Код системы |
rubbks |
| 702 |
Вторичная интеллектуальная ответственность |
_1 |
| a |
Фамилия |
Гафт |
| b |
Имя |
В. И. |
| f |
Даты |
1935-2020 |
| g |
Полное личное имя |
Валентин Иосифович |
| 4 |
Код отношения |
590 |
| 702 |
Вторичная интеллектуальная ответственность |
_1 |
| a |
Фамилия |
Вилькин |
| b |
Имя |
А. М. |
| 4 |
Код отношения |
590 |
| f |
Даты |
1943- |
| g |
Полное личное имя |
Александр Михайлович |
| 702 |
Вторичная интеллектуальная ответственность |
_1 |
| a |
Фамилия |
Креминский |
| b |
Имя |
Д. В. |
| g |
Полное личное имя |
Дмитрий В. |
| 4 |
Код отношения |
590 |
| 702 |
Вторичная интеллектуальная ответственность |
_1 |
| a |
Фамилия |
Сафиулин |
| b |
Имя |
Р. |
| 4 |
Код отношения |
590 |
| g |
Полное личное имя |
Рифат |
| 801 |
Источник записи |
_0 |
| a |
Страна |
RU |
| b |
Организация |
NLR |
| c |
Дата составления |
20190129 |
| g |
Правила каталогизации |
RCR |
| 801 |
Источник записи |
_1 |
| a |
Страна |
RU |
| b |
Организация |
NLR |
| c |
Дата составления |
20190129 |
| 2 |
Код формата |
rusmarc |
| g |
Правила каталогизации |
PSBO |
| 801 |
Источник записи |
_2 |
| a |
Страна |
RU |
| b |
Организация |
NLR |
| c |
Дата составления |
20190418 |
| 2 |
Код формата |
rusmarc |
| g |
Правила каталогизации |
PSBO |
| 852 |
Данные о местонахождении |
__ |
| i |
Авторский знак |
Р 24 |
| j |
Шифр хранения |
84(2=411.2)52-4я04 |
| 899 |
Данные о местонахождении |
__ |
| a |
Местонахождение |
ЦБС Сургут |
| 900 |
Макрообъекты |
__ |
| a |
Макрообъекты |
Рассказы и повести русских писателей, 2018 г (эл. ресурс) |
| 901 |
Тип документа |
__ |
| a |
Ответственный |
КиК/Котельникова |
| t |
Тип документа |
0 |
| 903 |
Характеристики (МАРС) |
__ |
| a |
Дата передачи |
20210208 |
| c |
Наименование библиотеки (МАРС) |
Муниципальное бюджетное учреждение культуры "Централизованная библиотечная система" г. Сургут (Центральная городская библиотека им. А. С. Пушкина) |
| 969 |
Тип издания |
__ |
| a |
Тип издания |
издание для слепых |
| a |
Тип издания |
аудиоспектакль |
| a |
Тип издания |
аудиокнига |
| 990 |
Данные о заказе (DOS) |
__ |
| j |
Количество экземпляров (DOS) |
3 |
| t |
N записи в КСУ для И/У (DOS) |
202102 |